[Event "Festival de Calviá 2016 - Aficionados"]
[Site "Calvia ESP"]
[Date "2016.10.11"]
[Round "4.15"]
[White "Moreno Mateos, Jose Luis"]
[Black "Bebchuk, Boris"]
[Result "0-1"]
[WhiteElo "1885"]
[BlackElo "2125"]
[PlyCount "100"]
[EventDate "2016.10.08"]
[EventType "swiss"]
[EventRounds "9"]
[EventCountry "ESP"]
[SourceTitle "Ajedrez en Madrid"]
[Source "lmi"]
[SourceDate "2016.10.08"]

1. d4 Nf6 2. c4 e6 3. Bg5 h6 4. Bh4 Bb4+ 5. Nd2 O-O 6. Ngf3 d5 7. e3 Nbd7 8.
Bd3 c6 9. O-O Bd6 10. e4 dxe4 11. Nxe4 Be7 12. Qe2 Re8 13. Rad1 Nh5 14. Bxe7
Qxe7 15. Qe3 e5 16. dxe5 Nxe5 17. Nxe5 Qxe5 18. Qf3 Be6 19. Rfe1 Qf5 20. Qxf5
Bxf5 21. Nf6+ Nxf6 22. Bxf5 g6 23. Bc2 Rxe1+ 24. Rxe1 Rd8 25. Rd1 Rxd1+ 26.
Bxd1 Kf8 27. Kf1 Ke7 28. Ke2 Kd6 29. Kd3 Kc5 30. a3 a5 31. f3 Nd7 32. Kc3 b6
33. b4+ axb4+ 34. axb4+ Kd6 35. Kd4 c5+ 36. bxc5+ Nxc5 37. Bc2 Ne6+ 38. Ke4 f5+
39. Ke3 Ke5 40. g3 f4+ 41. Kf2 g5 42. Bh7 Kd4 43. Bg8 Nc5 44. Kg2 Ke3 45. Bd5
Nd3 46. Kh3 Ne5 47. Kg2 Ke2 48. h4 Ke3 49. hxg5 hxg5 50. Kh3 Nxf3 0-1

[Event "Festival de Calviá 2016 - Aficionados"]
[Site "Calvia ESP"]
[Date "2016.10.11"]
[Round "4.16"]
[White "Fruebing, Thomas"]
[Black "Navarrete Terrasa, Antonio"]
[Result "1/2-1/2"]
[WhiteElo "2123"]
[BlackElo "1883"]
[PlyCount "106"]
[EventDate "2016.10.08"]
[EventType "swiss"]
[EventRounds "9"]
[EventCountry "ESP"]
[SourceTitle "Ajedrez en Madrid"]
[Source "lmi"]
[SourceDate "2016.10.08"]

1. e4 c6 2. d4 d5 3. e5 Bf5 4. Nf3 e6 5. a3 Nd7 6. Nbd2 Bg6 7. Be2 Nh6 8. b3
Nf5 9. O-O c5 10. c4 Nxd4 11. Nxd4 cxd4 12. cxd5 d3 13. Bf3 Nxe5 14. dxe6 Nxf3+
15. Qxf3 fxe6 16. Bb2 Qd7 17. Nc4 Qf7 18. Qe3 Be7 19. Rad1 O-O 20. Ne5 Qf5 21.
Nxg6 hxg6 22. Rxd3 Bf6 23. Bxf6 gxf6 24. Rfd1 Rf7 25. h3 e5 26. b4 b6 27. Qh6
Re8 28. Qd2 Kg7 29. Rd7 Ree7 30. Rd6 Kh7 31. Qd5 Kg7 32. b5 Qc8 33. a4 Qb7 34.
Qc4 Rd7 35. Qe6 Rde7 36. Qg4 Rc7 37. h4 Qc8 38. Qxc8 Rxc8 39. Rc6 Rcc7 40. Rdd6
Rcd7 41. g3 Rxd6 42. Rxd6 Rc7 43. Rc6 Rd7 44. a5 bxa5 45. Ra6 a4 46. Rxa4 Rb7
47. Ra5 Kh6 48. Kg2 g5 49. Kh3 gxh4 50. Kxh4 Kg6 51. g4 Rh7+ 52. Kg3 Rd7 53. f3
Rd5 1/2-1/2

[Event "Festival de Calviá 2016 - Aficionados"]
[Site "Calvia ESP"]
[Date "2016.10.11"]
[Round "4.17"]
[White "Wahlund, Max"]
[Black "Gawle, Ireneusz"]
[Result "1/2-1/2"]
[WhiteElo "2080"]
[BlackElo "1846"]
[PlyCount "79"]
[EventDate "2016.10.08"]
[EventType "swiss"]
[EventRounds "9"]
[EventCountry "ESP"]
[SourceTitle "Ajedrez en Madrid"]
[Source "lmi"]
[SourceDate "2016.10.08"]

1. e4 e5 2. Nc3 Nf6 3. Bc4 Nc6 4. f4 d6 5. Nf3 Be7 6. d4 Bg4 7. Bb5 exd4 8.
Qxd4 Bxf3 9. Bxc6+ bxc6 10. gxf3 Nd7 11. Qxg7 Bh4+ 12. Ke2 Bf6 13. Qg1 Qc8 14.
Be3 Qa6+ 15. Kd2 Nb6 16. Bxb6 cxb6 17. Qg4 Qc4 18. Rae1 Bxc3+ 19. bxc3 h5 20.
Qf5 Rg8 21. Rhg1 Ke7 22. e5 Qd5+ 23. Kc1 Rxg1 24. Rxg1 Qe6 25. Qg5+ Kd7 26.
Qxh5 Qxa2 27. Rd1 Rg8 28. Qh3+ Kc7 29. exd6+ Kb7 30. Re1 Rg1 31. Rxg1 Qa1+ 32.
Kd2 Qxg1 33. Qd7+ Ka6 34. Qc8+ Ka5 35. d7 Qf2+ 36. Kc1 Qf1+ 37. Kd2 Qf2+ 38.
Kd3 Qxf3+ 39. Kd4 Qxf4+ 40. Kd3 1/2-1/2

[Event "Festival de Calviá 2016 - Aficionados"]
[Site "Calvia ESP"]
[Date "2016.10.11"]
[Round "4.19"]
[White "Lazarte Anello, David Emiliano"]
[Black "Burkevica, Ilze"]
[Result "1-0"]
[WhiteElo "2052"]
[BlackElo "1794"]
[PlyCount "77"]
[EventDate "2016.10.08"]
[EventType "swiss"]
[EventRounds "9"]
[EventCountry "ESP"]
[SourceTitle "Ajedrez en Madrid"]
[Source "lmi"]
[SourceDate "2016.10.08"]

1. d4 d5 2. Bf4 Nf6 3. Nc3 c6 4. Qd3 g6 5. f3 Bg7 6. e4 dxe4 7. fxe4 Nh5 8. Be3
e5 9. d5 cxd5 10. Nxd5 Nc6 11. O-O-O O-O 12. Kb1 Qa5 13. g3 Be6 14. Bg2 Nf6 15.
Ne2 Rac8 16. Qb3 Qa6 17. Nec3 Rfd8 18. Bf1 Qa5 19. Bc4 Nd4 20. Bxd4 exd4 21.
Nxf6+ Bxf6 22. Bxe6 fxe6 23. Qxe6+ Kg7 24. Nd5 Rc6 25. Qg4 Ra6 26. a3 Be5 27.
Rhf1 d3 28. Rxd3 Qb5 29. Nb4 Rxd3 30. cxd3 Rd6 31. Qc8 Bf6 32. Qc4 Qe5 33. Rf2
Rb6 34. Qc2 a5 35. Nd5 Rc6 36. Qb3 b6 37. Rxf6 Rxf6 38. Nxf6 Qxf6 39. Qc3 1-0

[Event "Festival de Calviá 2016 - Aficionados"]
[Site "Calvia ESP"]
[Date "2016.10.11"]
[Round "4.21"]
[White "Bebchuk, Leonid"]
[Black "Ijurko Erroizena, Jose Angel"]
[Result "0-1"]
[WhiteElo "2006"]
[BlackElo "1665"]
[PlyCount "88"]
[EventDate "2016.10.08"]
[EventType "swiss"]
[EventRounds "9"]
[EventCountry "ESP"]
[SourceTitle "Ajedrez en Madrid"]
[Source "lmi"]
[SourceDate "2016.10.08"]

1. e4 e5 2. Nf3 Nc6 3. Bb5 a6 4. Ba4 Nf6 5. O-O Be7 6. Re1 b5 7. Bb3 O-O 8. d3
d6 9. c3 Na5 10. Bc2 c5 11. Nbd2 Re8 12. d4 Nc6 13. d5 Nb8 14. a4 Bb7 15. b3
Nbd7 16. Qe2 Qb6 17. Bb2 Rac8 18. Ra2 Rb8 19. Rea1 Ra8 20. Bd3 b4 21. Nc4 Qc7
22. a5 Ra7 23. Ra4 bxc3 24. Bxc3 Rb8 25. Nfd2 g6 26. Rf1 Nh5 27. g3 Bc8 28. f4
Bf6 29. f5 Bg7 30. Raa1 Bh6 31. Rf2 Nhf6 32. fxg6 hxg6 33. Nb6 Bg7 34. Ndc4 Qd8
35. Nxd6 Nxb6 36. axb6 Rxb6 37. Nxc8 Qxc8 38. Bxe5 Re7 39. Qb2 Rxe5 40. Ra4 Ng4
41. Rf1 Rxe4 42. Qa2 Rxa4 43. Qxa4 Bd4+ 44. Kh1 Nf2+ 0-1

[Event "Festival de Calviá 2016 - Aficionados"]
[Site "Calvia ESP"]
[Date "2016.10.11"]
[Round "4.23"]
[White "Vicens Company, Maria Antonia"]
[Black "Dugailliez, Guy"]
[Result "0-1"]
[WhiteElo "1785"]
[BlackElo "1999"]
[PlyCount "76"]
[EventDate "2016.10.08"]
[EventType "swiss"]
[EventRounds "9"]
[EventCountry "ESP"]
[SourceTitle "Ajedrez en Madrid"]
[Source "lmi"]
[SourceDate "2016.10.08"]

1. d4 Nf6 2. c4 g6 3. Nc3 Bg7 4. e4 d6 5. f4 O-O 6. Nf3 c6 7. Be2 Nbd7 8. O-O
a6 9. f5 Qc7 10. fxg6 hxg6 11. Qe1 Nh7 12. Qh4 Bf6 13. Qg3 Kg7 14. h4 Rg8 15.
Be3 c5 16. Nd5 Qb8 17. Nxf6 Nhxf6 18. Ng5 b6 19. h5 Kf8 20. e5 dxe5 21. dxe5
Qxe5 22. Qf3 Bb7 23. Qf2 gxh5 24. Bf3 Bxf3 25. Qxf3 Rd8 26. Bf4 Qd4+ 27. Be3
Qg4 28. Nh7+ Kg7 29. Ng5 Qxf3 30. Rxf3 Ne5 31. Rg3 Nfg4 32. Bf4 Nxc4 33. Rf1
Kg6 34. Nf3 f6 35. Nh4+ Kf7 36. Rh3 Rd5 37. Bc1 Rgd8 38. Rhf3 Nd2 0-1

[Event "Festival de Calviá 2016 - Aficionados"]
[Site "Calvia ESP"]
[Date "2016.10.11"]
[Round "4.24"]
[White "Gaya Torrens, Miguel"]
[Black "Bertz, Uwe"]
[Result "1/2-1/2"]
[WhiteElo "1689"]
[BlackElo "1996"]
[PlyCount "49"]
[EventDate "2016.10.08"]
[EventType "swiss"]
[EventRounds "9"]
[EventCountry "ESP"]
[SourceTitle "Ajedrez en Madrid"]
[Source "lmi"]
[SourceDate "2016.10.08"]

1. d4 Nf6 2. c4 d6 3. Nc3 g6 4. e4 Bg7 5. Nf3 O-O 6. Be2 Nc6 7. O-O e5 8. d5
Ne7 9. Qc2 Nh5 10. b4 a6 11. c5 Qe8 12. Rb1 f5 13. a4 fxe4 14. Nxe4 Bf5 15.
Nfg5 Qd7 16. Ne6 Nxd5 17. Nxf8 Rxf8 18. Bc4 c6 19. f3 Kh8 20. Bd2 Ndf6 21. cxd6
b5 22. axb5 cxb5 23. Bd3 Rc8 24. Qb3 Be6 25. Qa3 1/2-1/2

[Event "Festival de Calviá 2016 - Aficionados"]
[Site "Calvia ESP"]
[Date "2016.10.11"]
[Round "4.25"]
[White "Nesse, David"]
[Black "Alemany Jara, Alejandro"]
[Result "0-1"]
[WhiteElo "1502"]
[BlackElo "1989"]
[PlyCount "38"]
[EventDate "2016.10.08"]
[EventType "swiss"]
[EventRounds "9"]
[EventCountry "ESP"]
[SourceTitle "Ajedrez en Madrid"]
[Source "lmi"]
[SourceDate "2016.10.08"]

1. e4 e6 2. d3 d5 3. Qe2 Nf6 4. Nf3 Be7 5. g3 O-O 6. Bg2 c5 7. e5 Nfd7 8. O-O
Nc6 9. h4 f6 10. exf6 Nxf6 11. Bh3 e5 12. Bxc8 Qxc8 13. Nxe5 Nd4 14. Qd1 Qh3
15. c3 Bd6 16. Nf3 Ng4 17. Nbd2 Nxf3+ 18. Nxf3 Rxf3 19. Be3 Qh2# 0-1

[Event "Festival de Calviá 2016 - Aficionados"]
[Site "Calvia ESP"]
[Date "2016.10.11"]
[Round "4.30"]
[White "Baatz, Karl-Heinz"]
[Black "Ponce Cano, Adrian"]
[Result "0-1"]
[WhiteElo "1843"]
[BlackElo "2121"]
[PlyCount "42"]
[EventDate "2016.10.08"]
[EventType "swiss"]
[EventRounds "9"]
[EventCountry "ESP"]
[SourceTitle "Ajedrez en Madrid"]
[Source "lmi"]
[SourceDate "2016.10.08"]

1. e4 c5 2. Nc3 e6 3. f4 d5 4. Nf3 a6 5. d3 Nc6 6. Be2 d4 7. Nb1 Bd6 8. O-O h6
9. Qe1 Nge7 10. c3 b5 11. cxd4 cxd4 12. Na3 Bb7 13. Nc2 Qb6 14. Qf2 O-O-O 15.
Nd2 g5 16. Nb3 Kb8 17. a4 f5 18. axb5 axb5 19. Ncxd4 Nxd4 20. Qxd4 Qxd4+ 21.
Nxd4 Bc5 0-1

[Event "Festival de Calviá 2016 - Aficionados"]
[Site "Calvia ESP"]
[Date "2016.10.11"]
[Round "4.41"]
[White "Ruiz Vinals, Matias"]
[Black "Torres Mari, Juan"]
[Result "1-0"]
[WhiteElo "1983"]
[BlackElo "1693"]
[PlyCount "45"]
[EventDate "2016.10.08"]
[EventType "swiss"]
[EventRounds "9"]
[EventCountry "ESP"]
[SourceTitle "Ajedrez en Madrid"]
[Source "lmi"]
[SourceDate "2016.10.08"]

1. d4 d5 2. c4 c6 3. Nc3 e6 4. e4 dxe4 5. Nxe4 Nf6 6. Nxf6+ Qxf6 7. Nf3 h6 8.
Bd3 Bd6 9. O-O Nd7 10. Bd2 O-O 11. Bc3 Qd8 12. Re1 Nf6 13. Bc2 b6 14. Qd3 g6
15. Rad1 Bd7 16. Ne5 Be8 17. Qh3 h5 18. Bd2 Nh7 19. Bh6 Ng5 20. Qe3 Be7 21. d5
exd5 22. cxd5 c5 23. Nc6 1-0

[Event "Festival de Calviá 2016 - Aficionados"]
[Site "Calvia ESP"]
[Date "2016.10.12"]
[Round "5.1"]
[White "Ustianovich, Nazar"]
[Black "Jekabsons, Ivars"]
[Result "1-0"]
[WhiteElo "2316"]
[BlackElo "2126"]
[PlyCount "111"]
[EventDate "2016.10.08"]
[EventType "swiss"]
[EventRounds "9"]
[EventCountry "ESP"]
[SourceTitle "Ajedrez en Madrid"]
[Source "lmi"]
[SourceDate "2016.10.08"]

1. Nf3 c5 2. c4 Nc6 3. d4 cxd4 4. Nxd4 g6 5. e4 Bg7 6. Be3 Nf6 7. Nc3 O-O 8.
Be2 b6 9. O-O Bb7 10. f3 Nh5 11. Qd2 Nf4 12. Bxf4 Nxd4 13. Be3 Nxe2+ 14. Nxe2
Rc8 15. Rac1 d6 16. Bd4 Qc7 17. Bxg7 Kxg7 18. Nd4 a5 19. Kh1 Qc5 20. a4 Kg8 21.
b3 Ba8 22. Rcd1 Rfe8 23. Rfe1 Bb7 24. Re2 Rcd8 25. h3 Rd7 26. Nc2 Bc6 27. Ne3
Qa3 28. Rb1 Ra8 29. Qc3 Qc5 30. Ng4 f6 31. Nf2 Qe5 32. Qd2 Kg7 33. Nd3 Qe6 34.
Rbe1 Re8 35. Qe3 Rb8 36. Qd4 Kf8 37. Qc3 Rdb7 38. Nf4 Qe5 39. Qd2 Re8 40. Nd5
Bxd5 41. exd5 Qg5 42. Qd4 Rc8 43. h4 Qf5 44. Re6 Kf7 45. R1e4 Qh5 46. Qe3 Rcc7
47. Kg1 h6 48. Kf2 Rd7 49. Ke2 g5 50. g3 f5 51. Rd4 Rd8 52. Qd3 gxh4 53. Rf4
Kg7 54. Rxf5 Qe8 55. Qe4 Kh7 56. Qxh4 1-0

[Event "Festival de Calviá 2016 - Aficionados"]
[Site "Calvia ESP"]
[Date "2016.10.12"]
[Round "5.2"]
[White "Voiteanu, Gabriel"]
[Black "Schenk Papke, Andres"]
[Result "1-0"]
[WhiteElo "2207"]
[BlackElo "2095"]
[PlyCount "65"]
[EventDate "2016.10.08"]
[EventType "swiss"]
[EventRounds "9"]
[EventCountry "ESP"]
[SourceTitle "Ajedrez en Madrid"]
[Source "lmi"]
[SourceDate "2016.10.08"]

1. d4 Nf6 2. c4 c5 3. e3 e6 4. Nf3 d5 5. b3 Nc6 6. Be2 cxd4 7. exd4 Bb4+ 8. Bd2
Be7 9. c5 a5 10. Nc3 b6 11. Rc1 bxc5 12. dxc5 O-O 13. Na4 Ba6 14. O-O Ne4 15.
Bxa6 Rxa6 16. Be3 Qa8 17. Nd4 Nxd4 18. Bxd4 Rc6 19. h3 Qb8 20. Nb6 Nxc5 21.
Bxc5 Rxc5 22. Rxc5 Bxc5 23. Nd7 Qb5 24. Nxf8 Bxf8 25. a4 Qb4 26. Qd3 g6 27. Rc1
h5 28. Qc3 Qb6 29. Qc7 Qb4 30. Qc3 Qb6 31. h4 Ba3 32. Qc8+ Kg7 33. Qc7 1-0

[Event "Festival de Calviá 2016 - Aficionados"]
[Site "Calvia ESP"]
[Date "2016.10.12"]
[Round "5.3"]
[White "Bryant, Richard B E"]
[Black "Spence, David J"]
[Result "1/2-1/2"]
[WhiteElo "1998"]
[BlackElo "2192"]
[PlyCount "38"]
[EventDate "2016.10.08"]
[EventType "swiss"]
[EventRounds "9"]
[EventCountry "ESP"]
[SourceTitle "Ajedrez en Madrid"]
[Source "lmi"]
[SourceDate "2016.10.08"]

1. e4 e6 2. Nc3 d5 3. d4 Bb4 4. e5 c5 5. a3 Ba5 6. b4 cxd4 7. Nb5 Bc7 8. Nf3
Nc6 9. Bf4 Nge7 10. Nbxd4 Nxd4 11. Qxd4 Ng6 12. Bg3 Bb6 13. Qd2 Bd7 14. h4 Rc8
15. h5 Ne7 16. Bd3 h6 17. a4 a6 18. O-O Qc7 19. Rfd1 Qc3 1/2-1/2

[Event "Festival de Calviá 2016 - Aficionados"]
[Site "Calvia ESP"]
[Date "2016.10.12"]
[Round "5.4"]
[White "Van Herck, Marcel"]
[Black "Viskelis, Darius"]
[Result "0-1"]
[WhiteElo "2182"]
[BlackElo "2305"]
[PlyCount "76"]
[EventDate "2016.10.08"]
[EventType "swiss"]
[EventRounds "9"]
[EventCountry "ESP"]
[SourceTitle "Ajedrez en Madrid"]
[Source "lmi"]
[SourceDate "2016.10.08"]

1. e4 e5 2. Nf3 Nc6 3. Bb5 Bc5 4. O-O Nf6 5. Nc3 O-O 6. Nxe5 Nxe5 7. d4 c6 8.
Be2 Bd6 9. f4 Ng6 10. e5 Bc7 11. exf6 Qxf6 12. Ne4 Qe7 13. Bd3 d5 14. Ng5 Qf6
15. c3 h6 16. f5 Ne7 17. h4 hxg5 18. hxg5 Qd6 19. Bf4 Qxf4 20. Rxf4 Bxf4 21. f6
Bxg5 22. fxe7 Bxe7 23. Qh5 g6 24. Bxg6 fxg6 25. Qxg6+ Kh8 26. Re1 Bf6 27. Kh2
Bd7 28. Re3 Rae8 29. Qh5+ Kg8 30. Qg6+ Bg7 31. Rg3 Rf7 32. Rg5 Re6 33. Qd3 Kf8
34. Qg3 Bh6 35. Rg8+ Ke7 36. Qh4+ Kd6 37. Qd8 Bf4+ 38. g3 Re2+ 0-1

[Event "Festival de Calviá 2016 - Aficionados"]
[Site "Calvia ESP"]
[Date "2016.10.12"]
[Round "5.5"]
[White "Guski, Dietmar"]
[Black "Lacrosse, Marc"]
[Result "0-1"]
[WhiteElo "2034"]
[BlackElo "2247"]
[PlyCount "110"]
[EventDate "2016.10.08"]
[EventType "swiss"]
[EventRounds "9"]
[EventCountry "ESP"]
[SourceTitle "Ajedrez en Madrid"]
[Source "lmi"]
[SourceDate "2016.10.08"]

1. e4 e5 2. Nf3 Nc6 3. d4 exd4 4. Bc4 Bc5 5. c3 Nf6 6. e5 d5 7. Bb5 Ne4 8. cxd4
Bb6 9. Nc3 O-O 10. Be3 Bg4 11. Be2 f6 12. exf6 Rxf6 13. O-O Qd7 14. Rc1 Nxc3
15. bxc3 Raf8 16. Kh1 Qf5 17. Ng1 Bxe2 18. Nxe2 Na5 19. Ng3 Qg6 20. Qh5 c6 21.
Qxg6 Rxg6 22. f3 Bc7 23. Bf2 Re6 24. Rfe1 Rfe8 25. Kg1 Nc4 26. Rxe6 Rxe6 27.
Re1 Kf7 28. Rxe6 Kxe6 29. Nf1 Ba5 30. Be1 c5 31. Kf2 cxd4 32. cxd4 Bb6 33. Bc3
Nd6 34. Ke3 Nf5+ 35. Kd3 Nh4 36. Ne3 Bc7 37. Be1 Nf5 38. Nxf5 Kxf5 39. g3 b5
40. Bd2 a5 41. Be1 a4 42. Bd2 Bd6 43. Bc1 h5 44. Bd2 g5 45. Be1 g4 46. f4 b4
47. Bd2 h4 48. Bc1 h3 49. Bd2 b3 50. axb3 axb3 51. Be1 b2 52. Kc2 Ke4 53. Kxb2
Kf3 54. Kb3 Be7 55. Bb4 Bf6 0-1

[Event "Festival de Calviá 2016 - Aficionados"]
[Site "Calvia ESP"]
[Date "2016.10.12"]
[Round "5.6"]
[White "Hristodorescu, Daniel"]
[Black "Dugailliez, Guy"]
[Result "1/2-1/2"]
[WhiteElo "2229"]
[BlackElo "1999"]
[PlyCount "72"]
[EventDate "2016.10.08"]
[EventType "swiss"]
[EventRounds "9"]
[EventCountry "ESP"]
[SourceTitle "Ajedrez en Madrid"]
[Source "lmi"]
[SourceDate "2016.10.08"]

1. e4 Nf6 2. Nc3 d5 3. exd5 Nxd5 4. Nf3 Bg4 5. h3 Bh5 6. d4 e6 7. Be2 c6 8. O-O
Bd6 9. Ne4 Bc7 10. Nc5 b6 11. Nd3 O-O 12. c4 Ne7 13. Nf4 Bg6 14. Nxg6 Nxg6 15.
Bd3 Qd6 16. Re1 Nd7 17. g3 Rae8 18. h4 Nf6 19. Ne5 Qxd4 20. Nxc6 Qc5 21. Qf3
Ng4 22. b4 Qh5 23. Be2 f5 24. Nxa7 Be5 25. Rb1 Bd4 26. Be3 Bxe3 27. fxe3 Qh6
28. c5 bxc5 29. bxc5 Ra8 30. Rb7 Nxh4 31. gxh4 Qxh4 32. Rd1 Qh2+ 33. Kf1 Qe5
34. Kg1 Qh2+ 35. Kf1 Qe5 36. Kg1 Qh2+ 1/2-1/2

[Event "Festival de Calviá 2016 - Aficionados"]
[Site "Calvia ESP"]
[Date "2016.10.12"]
[Round "5.7"]
[White "Alemany Jara, Alejandro"]
[Black "Greiff, Hakan"]
[Result "1/2-1/2"]
[WhiteElo "1989"]
[BlackElo "2212"]
[PlyCount "46"]
[EventDate "2016.10.08"]
[EventType "swiss"]
[EventRounds "9"]
[EventCountry "ESP"]
[SourceTitle "Ajedrez en Madrid"]
[Source "lmi"]
[SourceDate "2016.10.08"]

1. d4 d5 2. Nf3 e6 3. Bf4 Nd7 4. e3 c5 5. Nbd2 Ngf6 6. c3 Be7 7. Bd3 b6 8. O-O
Bb7 9. h3 O-O 10. Ne5 Nxe5 11. dxe5 Ne4 12. Nxe4 dxe4 13. Bc2 Qxd1 14. Rfxd1
Rfd8 15. c4 g5 16. Bh2 f5 17. exf6 Bxf6 18. Rab1 Rxd1+ 19. Rxd1 Rd8 20. Rxd8+
Bxd8 21. Be5 Kf7 22. b3 a6 23. g4 Bc6 1/2-1/2

[Event "Festival de Calviá 2016 - Aficionados"]
[Site "Calvia ESP"]
[Date "2016.10.12"]
[Round "5.8"]
[White "Mut Company, Guillem"]
[Black "Ballesteros Gonzalez, David"]
[Result "0-1"]
[WhiteElo "1980"]
[BlackElo "2167"]
[PlyCount "112"]
[EventDate "2016.10.08"]
[EventType "swiss"]
[EventRounds "9"]
[EventCountry "ESP"]
[SourceTitle "Ajedrez en Madrid"]
[Source "lmi"]
[SourceDate "2016.10.08"]

1. d4 Nf6 2. Bg5 Ne4 3. Bf4 c5 4. d5 Qb6 5. Bc1 d6 6. f3 Nf6 7. e4 g6 8. c4 Bg7
9. Nc3 O-O 10. Bd3 Nbd7 11. f4 e6 12. dxe6 fxe6 13. Nf3 Nb8 14. O-O Nc6 15. Qe1
Nb4 16. Bb1 Nh5 17. Ng5 Bd4+ 18. Kh1 Bd7 19. g4 Nf6 20. Qh4 Qc7 21. Nb5 Bxb5
22. cxb5 Rae8 23. a3 Qa5 24. e5 Qxb5 25. Qh3 dxe5 26. axb4 Re7 27. fxe5 Nxg4
28. Rxf8+ Kxf8 29. Qf3+ Ke8 30. Bc2 Qxb4 31. Qxg4 Qe1+ 32. Kg2 Qf2+ 33. Kh3
Qxc2 34. Nxe6 Qb3+ 35. Kg2 Qxe6 36. Qxe6 Rxe6 37. Rxa7 Rb6 38. Ra8+ Kf7 39. Rh8
Bxe5 40. Rxh7+ Ke6 41. Kf3 Bxb2 42. Be3 Rb3 43. Ke4 c4 44. Rc7 c3 45. Rc5 Ba3
46. Rc8 Be7 47. Bd4 Bf6 48. Be3 Rb2 49. h3 Rb4+ 50. Kf3 Rh4 51. Kg2 b5 52. Rc6+
Kf5 53. Rc5+ Ke4 54. Bf2 Rh5 55. Rc8 Kd3 56. Rc6 c2 0-1

[Event "Festival de Calviá 2016 - Aficionados"]
[Site "Calvia ESP"]
[Date "2016.10.12"]
[Round "5.9"]
[White "Oriot, Patrice"]
[Black "Gavrish, Leonid"]
[Result "0-1"]
[WhiteElo "1980"]
[BlackElo "2158"]
[PlyCount "52"]
[EventDate "2016.10.08"]
[EventType "swiss"]
[EventRounds "9"]
[EventCountry "ESP"]
[SourceTitle "Ajedrez en Madrid"]
[Source "lmi"]
[SourceDate "2016.10.08"]

1. e4 d6 2. d4 Nf6 3. Nc3 g6 4. f4 Bg7 5. Nf3 O-O 6. e5 dxe5 7. fxe5 Nd5 8. Bc4
Be6 9. Qe2 Nxc3 10. bxc3 Bxc4 11. Qxc4 Nc6 12. O-O Na5 13. Qd3 Qd5 14. Ba3 Rfe8
15. Nd2 Rad8 16. Rfb1 a6 17. Bb4 Nc6 18. Qc4 Bxe5 19. Qxd5 Rxd5 20. Nf3 Bf6 21.
Rd1 Red8 22. Rab1 Nxb4 23. Rxb4 b5 24. Rd3 c5 25. Rb1 cxd4 26. Rbd1 e5 0-1

[Event "Festival de Calviá 2016 - Aficionados"]
[Site "Calvia ESP"]
[Date "2016.10.12"]
[Round "5.10"]
[White "Melderis, Uldis"]
[Black "Kolotilina, Liudmila"]
[Result "0-1"]
[WhiteElo "1969"]
[BlackElo "2143"]
[PlyCount "136"]
[EventDate "2016.10.08"]
[EventType "swiss"]
[EventRounds "9"]
[EventCountry "ESP"]
[SourceTitle "Ajedrez en Madrid"]
[Source "lmi"]
[SourceDate "2016.10.08"]

1. d4 d5 2. c4 e6 3. Nf3 c6 4. Qc2 Nd7 5. g3 Bd6 6. Bg2 f5 7. O-O Ngf6 8. b3
Qe7 9. a4 a5 10. Ba3 Bb4 11. Bxb4 axb4 12. c5 Ne4 13. Nbd2 e5 14. Nxe4 fxe4 15.
Nxe5 Nxe5 16. dxe5 O-O 17. Qd2 Qxc5 18. Rac1 Qb6 19. e3 Rf7 20. Qd4 Qxd4 21.
exd4 Bg4 22. Rfe1 Kf8 23. h3 Bd7 24. Re2 Ke7 25. Rc5 b6 26. Rc1 g5 27. Re3 c5
28. dxc5 Rc8 29. f3 bxc5 30. fxe4 d4 31. Re2 Be6 32. Rb2 Kd7 33. Bf1 Rf3 34.
Rcb1 Rxg3+ 35. Kh2 Rc3 36. a5 Kc6 37. a6 d3 38. Rf2 Rc2 39. Kg3 Rc3 40. Rf6 Re8
41. Rd1 Rxb3 42. Rxd3 Rxd3+ 43. Bxd3 Kc7 44. Bb5 Re7 45. Kf2 Bxh3 46. Rc6+ Kb8
47. Rxc5 Ka7 48. Bd3 Be6 49. Ke3 Rf7 50. Rc6 Ba2 51. Kd4 Rd7+ 52. Rd6 Re7 53.
Be2 Be6 54. Rc6 b3 55. Rc1 g4 56. Rf1 Rc7 57. Bd3 g3 58. Rg1 Rg7 59. Kc5 Bd7
60. Kb4 Be6 61. Kc5 Bc8 62. Kb4 Be6 63. Kc5 h5 64. Kd6 Rg6 65. Ke7 h4 66. Rc1
g2 67. Rc7+ Ka8 68. Bb5 Rg7+ 0-1

[Event "Festival de Calviá 2016 - Aficionados"]
[Site "Calvia ESP"]
[Date "2016.10.12"]
[Round "5.11"]
[White "Cip, Dalibor"]
[Black "Kehloul Gutierrez, Sadek"]
[Result "1-0"]
[WhiteElo "2141"]
[BlackElo "1918"]
[PlyCount "71"]
[EventDate "2016.10.08"]
[EventType "swiss"]
[EventRounds "9"]
[EventCountry "ESP"]
[SourceTitle "Ajedrez en Madrid"]
[Source "lmi"]
[SourceDate "2016.10.08"]

1. c4 e5 2. g3 Nf6 3. Bg2 d5 4. cxd5 Nxd5 5. Nf3 Nc6 6. O-O Be7 7. d4 e4 8. Ne5
f5 9. Nxc6 bxc6 10. Nd2 O-O 11. Nb3 Bg5 12. Qc2 Bxc1 13. Raxc1 Rf6 14. Na5 Bd7
15. a3 Qe8 16. b4 Kh8 17. Nc4 Qh5 18. Ne5 Rh6 19. h3 Be8 20. b5 e3 21. bxc6
exf2+ 22. Rxf2 Ne3 23. Qc5 Bg6 24. h4 Nxg2 25. Kxg2 f4 26. Nxg6+ Qxg6 27. Rxf4
Rg8 28. e4 Rh5 29. e5 h6 30. Rcf1 Kh7 31. Qd5 Qc2+ 32. R1f2 Qd3 33. Qe4+ Qxe4+
34. Rxe4 Re8 35. Kh3 g5 36. Kg4 1-0

[Event "Festival de Calviá 2016 - Aficionados"]
[Site "Calvia ESP"]
[Date "2016.10.12"]
[Round "5.13"]
[White "Martinez Lopez, Jaime"]
[Black "Lazarte Anello, David Emiliano"]
[Result "1/2-1/2"]
[WhiteElo "2063"]
[BlackElo "2052"]
[PlyCount "51"]
[EventDate "2016.10.08"]
[EventType "swiss"]
[EventRounds "9"]
[EventCountry "ESP"]
[SourceTitle "Ajedrez en Madrid"]
[Source "lmi"]
[SourceDate "2016.10.08"]

1. d4 Nf6 2. Nf3 g6 3. g3 Bg7 4. Bg2 c5 5. O-O cxd4 6. Nxd4 Nc6 7. c4 Nxd4 8.
Qxd4 O-O 9. Nc3 d6 10. Qh4 Rb8 11. Bh6 Bd7 12. Bxg7 Kxg7 13. Qd4 Qb6 14. Qxb6
axb6 15. Nd5 Nxd5 16. Bxd5 Rfc8 17. Rfc1 Bc6 18. Bg2 Bxg2 19. Kxg2 Rc5 20. b3
b5 21. cxb5 Rxb5 22. Rc7 Kf6 23. Rac1 Ra8 24. R1c2 Ra3 25. Rd7 Rc5 26. Rxc5
1/2-1/2

[Event "Festival de Calviá 2016 - Aficionados"]
[Site "Calvia ESP"]
[Date "2016.10.12"]
[Round "5.14"]
[White "Ijurko Erroizena, Jose Angel"]
[Black "Reuker, Jari"]
[Result "0-1"]
[WhiteElo "1665"]
[BlackElo "2269"]
[PlyCount "50"]
[EventDate "2016.10.08"]
[EventType "swiss"]
[EventRounds "9"]
[EventCountry "ESP"]
[SourceTitle "Ajedrez en Madrid"]
[Source "lmi"]
[SourceDate "2016.10.08"]

1. d4 Nf6 2. Bf4 d5 3. e3 c5 4. c3 Nc6 5. h3 Qb6 6. Qc2 g6 7. Nf3 Bf5 8. Qc1
Bg7 9. Nbd2 O-O 10. dxc5 Qxc5 11. Be2 Rac8 12. Nb3 Qb6 13. Nfd4 Bd7 14. O-O Ne4
15. Nd2 Nc5 16. Bh2 a5 17. Bd1 Nd3 18. Qc2 Nxd4 19. exd4 Qxb2 20. Rb1 Qxc2 21.
Bxc2 Rxc3 22. Bxd3 Rxd3 23. Rxb7 Bc6 24. Rc7 Rxd2 25. Rxc6 Bxd4 0-1